000 00372nam a22001697a 4500
003 UA-OsUOA
001 5488
007 ta
008 20050721b un ||||| |||| 00| 0 ukr d
100 _aMuller
700 _aGilbert H.
942 _cBK
040 _aUA-OsUOA
_cUA-OsUOA
_dUA-OsUOA
245 _aHere and How. Current Readings for Writers.
955 _a2
650 7 _2UDC
999 _c291650
_d291650